000 00429nam a2200157Ia 4500
003 GCL
008 140319s9999 xx 000 0 ara d
040 _aGCL /
_cGCL
082 0 4 _aط
_b813.087
_bن لا
100 1 _aنايت , اريك
245 1 0 _aلاسيى /
_cنايت , اريك
490 _aروايات عالمية للفتيان
_v0
650 0 4 _aالاطفال
650 0 4 _aقصص الاطفال
942 _2ddc
_cBK
999 _c44333
_d44333